Financing strategy of environmental protection
Externality a ich úloha v ochrane prostredia. Ekonomická stratégia nástrojov a environmentálnej ochrany. Ekonomická stratégia použitých nástrojov - rôzne druhy nástrojov.
Salvato in:
| Autore principale: | |
|---|---|
| Altri autori: | |
| Natura: | Capitolo di libro |
| Lingua: | inglese |
| Soggetti: | |
| Tags: |
Nessun Tag, puoi essere il primo ad aggiungerne!!
|
MARC
| LEADER | 00000naa$a2200000$$$4500 | ||
|---|---|---|---|
| 001 | 0012665 | ||
| 005 | 20221128113339.3 | ||
| 041 | 0 | |a eng | |
| 044 | |a SK | ||
| 245 | 1 | 0 | |a Financing strategy of environmental protection |c aut. Zoran Ivanovic, Vanja Ivanović |
| 520 | |a Externality a ich úloha v ochrane prostredia. Ekonomická stratégia nástrojov a environmentálnej ochrany. Ekonomická stratégia použitých nástrojov - rôzne druhy nástrojov. | ||
| 610 | 2 | 0 | |a ochrana prostredia životného |
| 610 | 2 | 0 | |a financie |
| 610 | 2 | 0 | |a stratégia hospodárska |
| 610 | 2 | 0 | |a náklady ekologické |
| 610 | 2 | 0 | |a financovanie |
| 100 | 1 | |a Ivanovic, Zoran | |
| 700 | 1 | |a Ivanović, Vanja | |